| 000 | 00000nam##2200000za#4500 |
| 001 | 9.672910 |
| 003 | CaOODSP |
| 005 | 20210615131222 |
| 007 | ta |
| 008 | 150407|2011||||xxc||||| f|0| 0 fre|d |
| 020 | |a978-1-100-53107-6 |
| 040 | |aCaOODSP|bfre |
| 041 | |aeng |
| 041 | |afre |
| 043 | |an-cn--- |
| 086 | 1 |aHS28-190/2011 |
| 110 | 1 |aCanada. |bRessources humaines et développement des compétences Canada. |
| 245 | 10|aChoisir le bon REEE |
| 246 | 1 |aProgramme canadien pour l'épargne-études |
| 260 | |aOttawa - Ontario : |bRessources humaines et Développement des compétences Canada |cc2011. |
| 300 | |aTexte français, 1 feuille pliée ([5]p.) ; |c22 cm. |
| 520 | 3 |aVous songez à ouvrir un régime enregistré d’épargne-études (REEE) pour financer les études postsecondaires de votre enfant? Ce dépliant vous guidera dans votre demarche. |
| 563 | |aDépliant |
| 590 | |a11-50|b2011-12-16 |
| 776 | 0#|tChoisir le bon REEE |w(CaOODSP)9.638576 |
| 776 | 0#|tChoosing the right RESP |w(CaOODSP)9.694402 |
| 791 | |tChoosing the right RESP |eeng|w(CaOODSP)9.672909 |
| 986 | |aLC-112-03-11 |